000
00460nam a2200145Ia 4500
008
100204s9999 xx 000 0 und d
082
_b
18412
100
_a
व्हटकर अशोक
245
_a
अजिंक्य आंबी
260
_b
"सुयोग प्रकाशन , पुणे"
_c
1994 2
300
_a
176
630
_a
अजिंक्य आंबी
730
_a
अजिंक्य आंबी
942
_c
BOOK
999
_c
462835
_d
462832